Local governments in Uganda : (Record no. 7392)
[ view plain ]
| 000 -LEADER | |
|---|---|
| fixed length control field | 01438cam a22003857i 4500 |
| 001 - CONTROL NUMBER | |
| control field | 21205724 |
| 003 - CONTROL NUMBER IDENTIFIER | |
| control field | OSt |
| 005 - DATE AND TIME OF LATEST TRANSACTION | |
| control field | 20211026103200.0 |
| 008 - FIXED-LENGTH DATA ELEMENTS--GENERAL INFORMATION | |
| fixed length control field | 190710s2019 enkb b 001 0 eng d |
| 010 ## - LIBRARY OF CONGRESS CONTROL NUMBER | |
| LC control number | 2019452131 |
| 015 ## - NATIONAL BIBLIOGRAPHY NUMBER | |
| National bibliography number | GBB9C5018 |
| Source | bnb |
| 016 7# - NATIONAL BIBLIOGRAPHIC AGENCY CONTROL NUMBER | |
| Record control number | 019470131 |
| Source | Uk |
| 020 ## - INTERNATIONAL STANDARD BOOK NUMBER | |
| International Standard Book Number | 9781906704353 |
| Qualifying information | (pbk.) |
| 020 ## - INTERNATIONAL STANDARD BOOK NUMBER | |
| International Standard Book Number | 190670435X |
| Qualifying information | (pbk.) |
| 035 ## - SYSTEM CONTROL NUMBER | |
| System control number | (OCoLC)on1110434554 |
| 040 ## - CATALOGING SOURCE | |
| Original cataloging agency | UKMGB |
| Language of cataloging | eng |
| Transcribing agency | DDC |
| Description conventions | rda |
| Modifying agency | OCLCO |
| -- | OCLCQ |
| -- | OCLCF |
| -- | YDX |
| -- | STF |
| -- | DLC |
| 042 ## - AUTHENTICATION CODE | |
| Authentication code | lccopycat |
| 043 ## - GEOGRAPHIC AREA CODE | |
| Geographic area code | f-ug--- |
| 050 00 - LIBRARY OF CONGRESS CALL NUMBER | |
| Classification number | JS7649.3.A2 |
| Item number | L63 2019 |
| 082 04 - DEWEY DECIMAL CLASSIFICATION NUMBER | |
| Classification number | 320.8LOC 2019 |
| 100 ## - MAIN ENTRY--PERSONAL NAME | |
| Personal name | Bainomugisha,Arthur; Cunningham,Kiran; Tamale,Lillian Muyomba; Muhwezi,Wilson Winstons; |
| 9 (RLIN) | 15139 |
| 245 00 - TITLE STATEMENT | |
| Title | Local governments in Uganda : |
| Remainder of title | Democracy, Accountability and Civil Engagement. |
| Statement of responsibility, etc. | Edited by Bainomugisha,Arthur; Cunningham,Kiran; Tamale,Lillian Muyomba and Muhwezi,Wilson Winstons; |
| 264 #1 - PRODUCTION, PUBLICATION, DISTRIBUTION, MANUFACTURE, AND COPYRIGHT NOTICE | |
| Place of production, publication, distribution, manufacture | London : |
| Name of producer, publisher, distributor, manufacturer | Adonis & Abbey Publishers Ltd, |
| Date of production, publication, distribution, manufacture, or copyright notice | 2019 |
| 300 ## - PHYSICAL DESCRIPTION | |
| Extent | xvii,229p; |
| Other physical details | maps ; |
| Dimensions | 24cm |
| 336 ## - CONTENT TYPE | |
| Content type term | text |
| Content type code | txt |
| Source | rdacontent |
| 337 ## - MEDIA TYPE | |
| Media type term | unmediated |
| Media type code | n |
| Source | rdamedia |
| 338 ## - CARRIER TYPE | |
| Carrier type term | volume |
| Carrier type code | nc |
| Source | rdacarrier |
| 504 ## - BIBLIOGRAPHY, ETC. NOTE | |
| Bibliography, etc | Includes; bibliographical references and index. |
| 650 #0 - SUBJECT ADDED ENTRY--TOPICAL TERM | |
| Topical term or geographic name as entry element | Local Government. |
| 9 (RLIN) | 15140 |
| 700 1# - ADDED ENTRY--PERSONAL NAME | |
| Personal name | Bainomugisha, Arthur, |
| Relator term | editor. |
| 9 (RLIN) | 15141 |
| 906 ## - LOCAL DATA ELEMENT F, LDF (RLIN) | |
| a | 7 |
| b | cbc |
| c | copycat |
| d | 3 |
| e | ncip |
| f | 20 |
| g | y-gencatlg |
| 942 ## - ADDED ENTRY ELEMENTS (KOHA) | |
| Source of classification or shelving scheme | Dewey Decimal Classification |
| Koha item type | Open Shelf |
| Withdrawn status | Lost status | Source of classification or shelving scheme | Damaged status | Not for loan | Home library | Current library | Date acquired | Source of acquisition | Inventory number | Total Checkouts | Full call number | Barcode | Date last seen | Price effective from | Koha item type |
|---|---|---|---|---|---|---|---|---|---|---|---|---|---|---|---|
| Dewey Decimal Classification | MUST Main Library | MUST Main Library | 26/10/2021 | Purchase | 21/41376 | 320.8LOC 2019 | 2021-1543 | 26/10/2021 | 26/10/2021 | Open Shelf |
